000 00319nam a22001337a 4500
008 181012b xxu||||| |||| 00| 0 eng d
020 _a9780534214265
041 _aeng
080 _a004
100 _a28
101 _aSHKI
245 _aModeling Experimental and Observational Data
_cLunneborg, C.E
942 _2udc
_cBK
999 _c49568
_d49568